000 01188nam0a22002531 4500
001 rc\468679
005 20260406143501.0
035 _a(NLR Aleph) 005712639
090 _a7394366
_c7394366
100 _a20030616d1988 |||y0rusy50 ca
101 0 _arus
102 _aRU
105 _aa |||||||||
200 1 _aИЗУЧЕНИЕ воздействий, регулирующих пролиферацию и дифференцировку стволовых кроветворных клеток с учетом возрастной структуры
_eМетод. рекомендации
_fАМН СССР. Сиб. отд-ние, Ин-т клин. иммунологии
_g[Сост. д. м. н. И.Г. Цырлова и др.]
210 _aНовосибирск
_cБ. и.
_d1988
215 _a[2], 18 с.
_cграф.
_d21
320 _aБиблиогр.: с. 17
702 1 _aЦырлова
_bИ.Г.
_gИрина Георгиевна
_4220
712 0 2 _aИнститут клинической иммунологии
_cНовосибирск
_3RU\NLR\AUTH\889922675
_9341331
801 0 _aRU
_bNLR
_gpsbo
801 1 _aRU
_bELAR
_2rusmarc
852 _aNLR
_j89-6/1412
942 _cBOOK
980 _aNB